[Event "RUS-Cup5"]
[Site "Ekaterinburg"]
[Date "1997.??.??"]
[Round "3"]
[White "Akhmadeev, Vadim"]
[Black "Fedorov, Alexei"]
[Result "1/2-1/2"]
[WhiteElo "2450"]
[BlackElo "2580"]

1.e4 c5 2.Nf3 d6 3.Bb5+ Nd7 4.d4 Nf6 5.Nc3 a6 6.Bxd7+ Nxd7 7.a4 e6 8.O-O Be7
9.Be3 b6 10.e5 Bb7 11.exd6 Bxd6 12.dxc5 Bxc5 13.Bxc5 Nxc5 14.Qe2 O-O 15.Rfd1 Qc7
16.Qe5 Rfc8 17.Qxc7 Rxc7 18.Rd6 Ne4 19.Nxe4 Bxe4 20.Rxb6 Rxc2 21.Nd4 Rd2
22.Nf3 Rd3 23.Ne5 Rd4 24.Nf3 Rd5 25.Re1 Bc2 26.b3 Rd3 27.Re3 Rd1+ 28.Ne1 g5
29.h3 Bf5 30.g4 Bg6 31.Kg2 Rdd8 32.Nf3 Rdb8 33.Rd6 h6  1/2-1/2

[Event "Momotov mem"]
[Site "Enakievo"]
[Date "1997.??.??"]
[Round "?"]
[White "Belikov, Vladimir"]
[Black "Gurevich, Vladimir"]
[Result "1-0"]
[WhiteElo "2500"]
[BlackElo "2430"]

1.e4 c5 2.Nf3 d6 3.Bb5+ Bd7 4.Bxd7+ Qxd7 5.c4 Nc6 6.Nc3 Nf6 7.O-O e6 8.d4 cxd4
9.Nxd4 Be7 10.Be3 O-O 11.Qe2 b6 12.f4 Rac8 13.Rad1 Qb7 14.Kh1 Na5 15.f5 e5
16.Ndb5 a6 17.Nxd6 Bxd6 18.Rxd6 Nxe4 19.Nxe4 Qxe4 20.b3 Nc6 21.Qf2 b5 22.f6 g6
23.c5 Rfe8 24.Qd2 Qb4 25.Qd5 Nb8 26.Rc1  1-0

[Event "Momotov mem"]
[Site "Enakievo"]
[Date "1997.??.??"]
[Round "?"]
[White "Belikov, Vladimir"]
[Black "Shneider, Aleksandr"]
[Result "1/2-1/2"]
[WhiteElo "2500"]
[BlackElo "2565"]

1.e4 c5 2.Nf3 d6 3.Bb5+ Bd7 4.Bxd7+ Qxd7 5.c4 Nc6 6.Nc3 Nf6 7.O-O g6 8.d4 cxd4
9.Nxd4 Bg7 10.Nde2 O-O 11.f3 a6 12.a4 Qd8 13.b3 Rc8 14.Rb1 Ne5 15.Kh1 Ned7
16.Be3 Qa5 17.Qd2 Rfd8 18.Rfd1 Bf8 19.Bg5 Bg7 20.Bh4 Re8 21.Be1 Ne5 22.Bh4 Ned7
23.Bf2 Bf8 24.Bd4 Bg7 25.Qe1 Nh5 26.Be3 Nhf6 27.Bd4 Nh5 28.Be3 Nhf6 29.Qg1 Qc7
30.Bd4 Qa5 31.Be3 Qc7 32.Bd4 Qa5 33.Qf2 Nh5 34.Bxg7 Kxg7 35.Nd5 Nhf6 36.Nec3 Qc5
37.Qb2 Kg8 38.Rd2 Nh5 39.Ne2 Nhf6 40.Rbd1 Nxd5 41.Rxd5 Qb4 42.Qc3  1/2-1/2

[Event "Feldbach op"]
[Site "Feldbach"]
[Date "1997.??.??"]
[Round "4"]
[White "Kuba, Guenter"]
[Black "Womacka, Mathias"]
[Result "1/2-1/2"]
[WhiteElo "2200"]
[BlackElo "2465"]

1.e4 c5 2.Nf3 d6 3.Bb5+ Nd7 4.d4 Nf6 5.Nc3 cxd4 6.Qxd4 e5 7.Qd3 h6 8.Be3 Be7
9.O-O O-O 10.Rfd1 a6 11.Bc4 Nb6 12.Bxb6 Qxb6 13.Nd5 Nxd5 14.Bxd5 Be6 15.Rab1 Rfc8
16.c4 Bxd5 17.Qxd5 Qc6 18.Rdc1 Qxd5 19.cxd5 g6 20.g3 h5 21.Kf1 Bf8 22.Ke2 Bh6
23.Rc3 Rxc3 24.bxc3 b5 25.Ne1 Rc8  1/2-1/2

[Event "Feldbach op"]
[Site "Feldbach"]
[Date "1997.??.??"]
[Round "8"]
[White "Barczay, Laszlo"]
[Black "Freitag, Manfred"]
[Result "1-0"]
[WhiteElo "2380"]
[BlackElo "2285"]

1.e4 c5 2.Nf3 d6 3.Bb5+ Nd7 4.O-O Nf6 5.Re1 a6 6.Bf1 b6 7.d4 cxd4 8.Nxd4 Bb7
9.Nc3 g6 10.Nd5 Bg7 11.c4 O-O 12.Bg5 Re8 13.Qd2 e6 14.Nc3 Qc7 15.Rad1 Rad8
16.Nc2 Bf8 17.Qf4 Be7 18.Qh4 Kg7 19.Re3 Ng8 20.Bxe7 Rxe7 21.Red3 Ne5 22.Rh3 h5
23.Ne3 Ree8 24.f4 Nd7 25.g4 Ndf6 26.f5 Qc5 27.gxh5 Nxh5 28.Be2 Ngf6 29.Qg5 Rh8
30.Bxh5 Nxh5 31.Qe7 Nf6 32.Rg3 Rd7 33.Rxg6+ Kh7 34.Qxf6 Qxe3+ 35.Kf1 Qh3+
36.Ke1 Rg8 37.Rd3 Qxh2 38.Rxg8 Kxg8 39.Qg5+ Kf8 40.f6 Qh8 41.Rh3  1-0

[Event "Feldbach op"]
[Site "Feldbach"]
[Date "1997.??.??"]
[Round "9"]
[White "Kuba, Guenter"]
[Black "Tratar, Marko"]
[Result "1/2-1/2"]
[WhiteElo "2200"]
[BlackElo "2420"]

1.e4 c5 2.Nf3 d6 3.Bb5+ Nd7 4.d4 Nf6 5.Nc3 a6 6.Bxd7+ Nxd7 7.Be3 cxd4 8.Bxd4 e6
9.O-O Qc7 10.a4 b6 11.Qe2 Ne5 12.Nd2  1/2-1/2

[Event "Femeni"]
[Site "Femeni"]
[Date "1997.??.??"]
[Round "3"]
[White "Perez, Carrilero V"]
[Black "Montoliu, Inma"]
[Result "1/2-1/2"]
[WhiteElo "1995"]
[BlackElo "1855"]

1.e4 c5 2.Nf3 d6 3.Bb5+ Nc6 4.O-O Bd7 5.c3 e6 6.d4 cxd4 7.cxd4 e5 8.Bxc6 bxc6
9.dxe5 Bg4 10.exd6 Bxd6 11.b3 Qf6 12.e5 Bxe5 13.Re1 Bxf3 14.Qxf3 Ne7 15.Ba3 Qxf3
16.gxf3 Bxa1 17.Rxe7+ Kd8 18.Rxf7 Re8 19.Kf1 Bf6 20.Nd2 Be7 21.Bb2 Bb4 22.Ne4 Re7
23.Rf8+ Re8 24.Rf7  1/2-1/2

[Event "FIN-chT 9697"]
[Site "FIN"]
[Date "1997.??.??"]
[Round "8.1"]
[White "Liiva, Riho"]
[Black "Yrjola, Jouni"]
[Result "1-0"]
[WhiteElo "2425"]
[BlackElo "2460"]

1.e4 c5 2.Nf3 d6 3.Bb5+ Nd7 4.c3 Nf6 5.Qe2 a6 6.Ba4 Qc7 7.O-O c4 8.Bc2 e5
9.a4 Nb6 10.Na3 Be6 11.Ng5 Rc8 12.Nxe6 fxe6 13.d3 cxd3 14.Qxd3 Nbd7 15.Qh3 Kf7
16.f4 exf4 17.Bxf4 Ne5 18.Be3 h5 19.Bb3 Re8 20.Nc2 Nc4 21.Bg5 Qc5+ 22.Nd4 Qxg5
23.Bxc4 Qg4 24.Qd3 Rh6 25.h3 Qg5 26.e5 dxe5 27.Nf3 Qf4 28.Rae1 e4 29.Rxe4 Qxe4
30.Ng5+ Kg8 31.Nxe4  1-0

[Event "FIN-chT 9798"]
[Site "Finland"]
[Date "1997.??.??"]
[Round "5"]
[White "Raisa, Unto"]
[Black "Taivainen, Jukka"]
[Result "1/2-1/2"]
[WhiteElo "2195"]
[BlackElo "2295"]

1.e4 c5 2.Nf3 d6 3.Bb5+ Bd7 4.Bxd7+ Qxd7 5.O-O Nc6 6.c3 Nf6 7.Re1 e6 8.d4 cxd4
9.cxd4 d5 10.e5 Ne4 11.Nbd2 Nxd2 12.Bxd2 Be7 13.a3 O-O 14.Qe2 a5 15.a4 Bb4
16.Rec1 Bxd2 17.Qxd2 Nb4 18.Rc3 h6  1/2-1/2

[Event "FIN-chT 9798"]
[Site "Finland"]
[Date "1997.??.??"]
[Round "5"]
[White "Vaatainen, Timo"]
[Black "Lassila, Erkki"]
[Result "1/2-1/2"]
[WhiteElo "2245"]
[BlackElo "2315"]

1.e4 c5 2.Nf3 d6 3.Bb5+ Nc6 4.O-O Bd7 5.Re1 a6 6.Bxc6 Bxc6 7.d4 cxd4 8.Nxd4 Nf6
9.Nxc6 bxc6 10.c4 e6 11.Nc3 Be7 12.Bf4 O-O 13.Qf3 Qb6 14.b3 Rfd8 15.Rad1 Rd7
16.Rd3 Rad8 17.Red1 Qb7 18.h3 h6 19.Qe3 Kh7 20.e5 dxe5 21.Bxe5 Kg8 22.Bxf6 Bxf6
23.Ne4 Be7 24.Kf1 Rxd3 25.Rxd3 Rxd3 26.Qxd3 c5 27.g4 Qc7 28.Kg2 Qe5 29.Qf3 g6
30.a3 a5 31.Ng3 Bh4 32.Nf1 Kg7 33.a4 Bg5 34.Ng3 Bh4 35.Ne4 Kg8 36.Nd2 Bg5
37.Qa8+ Kg7 38.Nf3 Qc3 39.Qb8 Bf6 40.h4 Bd4 41.g5 hxg5 42.Nxg5 Bf6 43.Ne4 Qd4
44.Nxf6 Qxf6 45.Qc7 Qxh4 46.Qxc5  1/2-1/2

[Event "FRA-chT9697 groupe B"]
[Site "France"]
[Date "1997.??.??"]
[Round "2"]
[White "Guadalpi, David"]
[Black "Cursoux, Laurent"]
[Result "0-1"]
[WhiteElo "2300"]
[BlackElo "2100"]

1.e4 c5 2.Nf3 d6 3.Bb5+ Bd7 4.Bxd7+ Qxd7 5.O-O Nc6 6.c3 Nf6 7.Qe2 e6 8.d4 cxd4
9.cxd4 d5 10.e5 Ng8 11.Nc3 Nge7 12.Be3 Nf5 13.g4 Nxe3 14.fxe3 Be7 15.Rf2 O-O-O
16.Rc1 Kb8 17.Na4 f6 18.Qd1 h5 19.Rg2 hxg4 20.Rxg4 Rdg8 21.Rc2 fxe5 22.dxe5 Rh3
23.Rg3 Rxg3+ 24.hxg3 Nb4 25.Rc3 Nxa2 26.Rb3 Bb4 27.Nc3 Nxc3 28.bxc3 Bc5 29.c4 g5
30.Rd3 g4 31.Nh2 Qc7 32.cxd5 Qxe5 33.dxe6 Bxe3+ 34.Kh1 Qe4+ 35.Nf3 Rh8+ 36.Kg2 gxf3+  0-1

[Event "Frydek-Mistek op-A"]
[Site "Frydek-Mistek"]
[Date "1997.??.??"]
[Round "1"]
[White "Chernyshov, Konstantin"]
[Black "Stets, Dmitry"]
[Result "1/2-1/2"]
[WhiteElo "2450"]
[BlackElo "2310"]

1.e4 c5 2.Nf3 d6 3.Bb5+ Nd7 4.a4 Nf6 5.Nc3 g6 6.a5 Bg7 7.O-O O-O 8.d3 Ne8
9.Bg5 Nc7 10.Bc4 Rb8 11.Qd2 b5 12.axb6 axb6 13.Bh6 b5 14.Bb3 Nb6 15.h3 b4
16.Na4 Nxa4 17.Rxa4 Bd7 18.Ra2 Ra8 19.Bxg7  1/2-1/2

[Event "Frydek-Mistek op-A"]
[Site "Frydek-Mistek"]
[Date "1997.??.??"]
[Round "4"]
[White "Hasangatin, Ramil"]
[Black "Szymczak, Zbigniew"]
[Result "1-0"]
[WhiteElo "2490"]
[BlackElo "2320"]

1.e4 c5 2.Nf3 d6 3.Bb5+ Bd7 4.c4 Bxb5 5.cxb5 Nd7 6.d4 cxd4 7.Nxd4 Ngf6 8.Nc3 g6
9.O-O Bg7 10.Bg5 O-O 11.Kh1 a6 12.bxa6 Rxa6 13.f4 Nc5 14.Re1 Qd7 15.Qd2 e6
16.Rad1 Rfa8 17.Qf2 Na4 18.Ndb5 Nxc3 19.Nxc3 Ne8 20.e5 h6 21.Bh4 Qc6 22.Rd3 Ra5
23.Bg3 Bf8 24.Qd2 d5 25.f5 gxf5 26.Bf4 d4 27.Rxd4 Bg7 28.Rd3 Qc7 29.Qf2 Qe7
30.Rh3 Kh7 31.Qe3 Qf8 32.Rd1 Nc7 33.a3 Nd5 34.Nxd5 Rxd5 35.Rxd5 exd5 36.Qf3 Ra4
37.g4 Re4  1-0

[Event "Frydek-Mistek op-A"]
[Site "Frydek-Mistek"]
[Date "1997.??.??"]
[Round "5"]
[White "Berezjuk, Sergej"]
[Black "Stets, Dmitry"]
[Result "1-0"]
[WhiteElo "2410"]
[BlackElo "2310"]

1.e4 c5 2.Nf3 d6 3.Bb5+ Nd7 4.O-O Nf6 5.Re1 a6 6.Bf1 b6 7.d4 cxd4 8.Nxd4 Bb7
9.f3 e6 10.c4 Be7 11.Nc3 O-O 12.b3 Rc8 13.Bb2 Re8 14.Qd2 Qc7 15.Rac1 Qb8
16.Kh1 Bd8 17.g3 Bc7 18.Bg2 Qa8 19.Rcd1 Bb8 20.Nd5 exd5 21.Nf5 h6 22.cxd5 Bc7
23.g4 Kh7 24.g5 Nh5 25.gxh6 g6 26.Ng7 Nxg7 27.hxg7 Bd8 28.Bh3 Rc7 29.Bxd7 Rxd7
30.Qg2 f5  1-0

[Event "Frydek-Mistek op (Women)"]
[Site "Frydek-Mistek"]
[Date "1997.??.??"]
[Round "5"]
[White "Sarana, Oksana"]
[Black "Alexandrova, Olga"]
[Result "0-1"]
[WhiteElo "2205"]
[BlackElo "2200"]

1.e4 c5 2.Nf3 d6 3.Bb5+ Bd7 4.Qe2 Nc6 5.O-O Nf6 6.c3 a6 7.Ba4 b5 8.Bc2 e5
9.Rd1 Qc7 10.d3 Be7 11.Nbd2 O-O 12.Nf1 Be6 13.Ne3 d5 14.exd5 Nxd5 15.d4 Nf4
16.Qe1 cxd4 17.cxd4 exd4 18.Nxd4 Nxd4 19.Rxd4 Bf6 20.Rd1 Rfe8 21.Be4 Rac8
22.Bf3 Bc4 23.Qb4 Nd3 24.Qd2 Rcd8 25.Nd5 Bxd5 26.Qxd3 Be4 27.Qe3 Ba8 28.Rxd8 Qxd8
29.Qd2 Bxf3 30.gxf3 Qxd2 31.Bxd2 Bxb2 32.Rb1 Bd4 33.Rc1 f6 34.Kf1 Kf7 35.Rc7+ Re7
36.Rc6 Re6 37.Rc7+ Kg6 38.Bb4 f5 39.Bc3 Bxc3 40.Rxc3 Kg5 41.Rc7 Rg6 42.Ra7 Kf4
43.Ke2 Re6+ 44.Kf1 Rg6 45.Ke2 h5 46.a3 Re6+ 47.Kf1 g6 48.Kg2 Ke5 49.Kg3 Kd5
50.Kf4 Kc4 51.Rd7 Kb3 52.Rd3+ Ka4 53.Re3 Rb6 54.Ke5 a5 55.Kd5 b4 56.axb4 axb4
57.Kc4 b3 58.Re8 Rc6+ 59.Kd5 Ra6 60.Rb8 Ka3 61.Kc4 Rc6+ 62.Kd5 Rc2  0-1

[Event "Frydek-Mistek op-A"]
[Site "Frydek-Mistek"]
[Date "1997.??.??"]
[Round "7"]
[White "Berezjuk, Sergej"]
[Black "Kempinski, Robert"]
[Result "1/2-1/2"]
[WhiteElo "2410"]
[BlackElo "2515"]

1.e4 c5 2.Nf3 d6 3.Bb5+ Nd7 4.O-O Nf6 5.Re1 a6 6.Bf1 e5 7.c3 Be7 8.d4 O-O
9.a4 b6 10.dxe5 dxe5 11.c4 Qc7 12.Nc3 Rd8 13.Qc2 Nf8 14.a5 Bg4 15.axb6 Qd6
16.Rd1 Qb8 17.Rxd8 Bxd8 18.Nd2 Ne6 19.Nb3 Qxb6 20.Nd5 Qb7 21.h3 Bh5 22.Be3 Nd7
23.Ra3 h6 24.Be2 Bxe2 25.Qxe2 a5 26.Nc1  1/2-1/2

[Event "Geneve op"]
[Site "Geneve"]
[Date "1997.??.??"]
[Round "2"]
[White "Vianin, Pascal"]
[Black "Frank, Albert"]
[Result "1/2-1/2"]
[WhiteElo "2205"]
[BlackElo "2040"]

1.e4 c5 2.Nf3 d6 3.Bb5+ Nd7 4.d4 cxd4 5.Qxd4 a6 6.Bxd7+ Bxd7 7.O-O e5 8.Qd3 Nf6
9.c4 Be7 10.Nc3 O-O 11.Bg5 Ne8 12.Bxe7 Qxe7 13.Rfd1 Rc8 14.Rac1 Be6 15.Nd5 Qd8
16.b3 Kh8 17.Qd2 Bg4 18.Rc3 f5 19.Re1 fxe4 20.Ng5 Bf5 21.Nxe4 Bxe4 22.Rxe4 Nf6
23.Nxf6 Qxf6 24.Rd3 Rc6 25.Re1 b5 26.cxb5 axb5 27.Rd1 Rfc8 28.h3 Rc2 29.Qe3 R8c6
30.R3d2 h6 31.Qd3 Rxd2 32.Qxd2 Qf5 33.a4 bxa4 34.bxa4 Rc2 35.Qe3 Ra2 36.Rxd6 Rxa4
37.Rd1 Qf4 38.Qb3 Rd4 39.Re1 Re4 40.Rd1 Rd4 41.Ra1 Qf6 42.Re1 Qd6 43.Qc2 Rd5
44.Ra1 Qd8 45.g3 Rd2 46.Qb3 Rd3 47.Qc2 Rxg3+ 48.fxg3 Qd4+ 49.Kg2 Qxa1 50.Qc8+ Kh7
51.Qf5+  1/2-1/2

[Event "Geneve op"]
[Site "Geneve"]
[Date "1997.??.??"]
[Round "4"]
[White "Cladouras, Panagiotis"]
[Black "Ye Jiangchuan"]
[Result "0-1"]
[WhiteElo "2390"]
[BlackElo "2510"]

1.e4 c5 2.Nf3 d6 3.Bb5+ Nd7 4.c3 Nf6 5.Qe2 a6 6.Ba4 Qc7 7.O-O c4 8.Bc2 e5
9.d4 cxd3 10.Bxd3 Nc5 11.Bc2 Be7 12.c4 O-O 13.Nc3 Bg4 14.h3 Bh5 15.g4 Bg6
16.g5 Nh5 17.Nd5 Qd8 18.Kh2 Ne6 19.Rg1 f6 20.h4 fxg5 21.Nxg5 Nd4 22.Qd3 Rxf2+
23.Rg2 Rxg2+ 24.Kxg2 h6 25.Nf3 Nxc2 26.Qxc2 Bxh4 27.Be3 Qd7 28.Nh2 Rf8 29.c5 Ng3
30.Nc3 Nxe4 31.Nxe4 d5 32.c6 Qc7 33.Qb3 Bxe4+ 34.Kh3 Qxc6 35.Kxh4 Qf6+ 36.Kh3 Qf5+
37.Kh4 g5+ 38.Kg3 h5  0-1

[Event "Geneve op"]
[Site "Geneve"]
[Date "1997.??.??"]
[Round "5"]
[White "Barle, Janez"]
[Black "Minnebo, Alain"]
[Result "0-1"]
[WhiteElo "2450"]
[BlackElo "2280"]

1.e4 c5 2.Nf3 d6 3.Bb5+ Bd7 4.Bxd7+ Qxd7 5.O-O Nc6 6.c3 Nf6 7.d4 Nxe4 8.d5 Ne5
9.Re1 Nxf3+ 10.Qxf3 Nf6 11.c4 e5 12.dxe6 fxe6 13.Nc3 Be7 14.Bg5 O-O 15.Qh3 Kf7
16.Nd5 Rae8 17.Bxf6 Bxf6 18.Nxf6 Kxf6 19.Qxh7 Rh8 20.Qd3 Qc6 21.Rad1 Rd8
22.Qf3+ Ke7 23.Re4 Rh6 24.Rg4 Ke8 25.Rf4 Qc7 26.Re4 Rf6 27.Qh5+ Qf7 28.Qh3 Rh6
29.Qd3 Kf8 30.g3 Rf6 31.f4 Qd7 32.Qe2 d5 33.Re5 d4 34.Rd3 Qc6 35.Qh5 Rh6
36.Qg5 Rd6 37.b3 a5 38.a4 Qe8 39.Qg4 Rg6 40.Qh5 Rh6 41.Qxe8+ Kxe8 42.h4 Rf6
43.Re4 Rd7 44.Kg2 Re7 45.g4 g6 46.Kg3 Kd7 47.Re5 Kd6 48.Rd1 Ref7 49.Rde1 Rg7
50.Rg5 Kd7 51.Kf3 Kd6 52.Ke4 Rff7 53.Rf1 Re7 54.Rf3 Ref7 55.Rh3 Re7 56.h5 gxh5
57.gxh5 Rh7 58.h6 Ref7 59.Rg8 Rf6 60.Rd8+ Kc7 61.Rg8 Rhxh6 62.Rgg3 Rfg6 63.Rg5 Rxh3  0-1

[Event "Geneve op"]
[Site "Geneve"]
[Date "1997.??.??"]
[Round "6"]
[White "Cladouras, Panagiotis"]
[Black "Landenbergue, Claude"]
[Result "1/2-1/2"]
[WhiteElo "2390"]
[BlackElo "2420"]

1.e4 c5 2.Nf3 d6 3.Bb5+ Bd7 4.Bxd7+ Nxd7 5.O-O Ngf6 6.Re1 e6 7.c4 Be7 8.d4 cxd4
9.Qxd4 O-O 10.Nc3 a6 11.Bg5 Qc7 12.Rac1 Rfd8 13.h3 h6 14.Be3 Rac8 15.b3 Qa5
16.Qd2 Qc7 17.Nd4 Nc5 18.Qc2 Bf8 19.f4 Qb8 20.Qb1 b6 21.b4 Ncd7 22.b5 Qa8
23.Nc6 Rxc6 24.bxc6 Qxc6 25.Bf2 Rc8 26.e5 Nh5 27.Re4 dxe5 28.fxe5 f5 29.exf6 Ndxf6
30.Rh4 Bc5 31.Ne4 Bxf2+ 32.Kxf2 e5 33.Kg1 Nf4 34.Re1 Rd8 35.Nxf6+ Qxf6 36.Rg4 Rd2
37.Kh2 h5 38.Rg3 Ne2 39.Rf1 Nf4 40.Qe4 Rd4 41.Qa8+ Kh7 42.Qxa6 e4 43.Qb7 h4
44.Rg4 e3 45.Qc7 e2 46.Rfxf4 Rxf4 47.Rxf4 Qxf4+ 48.Qxf4 e1=Q 49.c5 bxc5 50.Qf5+ g6
51.Qxc5 Qg3+ 52.Kh1 Qe1+ 53.Qg1 Qa5 54.Qf2 g5 55.Qf7+ Kh6 56.Qe6+ Kh7 57.Qe4+ Kh6
58.a4 Qc3 59.Kg1 Qc1+ 60.Kf2 Qd2+ 61.Kf3 Qc3+ 62.Ke2 Qb2+ 63.Kd1 Qa1+ 64.Kd2 Qb2+
65.Qc2 Qd4+ 66.Ke2 Qe5+ 67.Kd3 Qd6+ 68.Kc4 Qc6+ 69.Kb3 Qb6+ 70.Ka2 Qe6+ 71.Ka3 Qd6+
72.Kb2 Qb6+ 73.Kc3 Qc6+ 74.Kd3 Qd6+ 75.Ke2 Qe5+ 76.Kf1 Qf4+ 77.Kg1 Qd4+ 78.Kh1 Qa1+
79.Kh2 Qe5+ 80.Kg1 Qd4+ 81.Kf1 Qa1+ 82.Ke2 Qe5+  1/2-1/2

[Event "Geneve op"]
[Site "Geneve"]
[Date "1997.??.??"]
[Round "8"]
[White "Cladouras, Panagiotis"]
[Black "Olivier, Jean Christophe"]
[Result "1-0"]
[WhiteElo "2390"]
[BlackElo "2305"]

1.e4 c5 2.Nf3 d6 3.Bb5+ Bd7 4.Bxd7+ Qxd7 5.c4 Nf6 6.Nc3 Nc6 7.O-O g6 8.d3 Bg7
9.h3 O-O 10.Be3 Ne8 11.d4 cxd4 12.Nxd4 Nxd4 13.Bxd4 Nc7 14.Bxg7 Kxg7 15.Qd4+ Kg8
16.a4 Ne6 17.Qe3 Qc6 18.Nd5 Rfe8 19.b3 Qc5 20.Qh6 Qd4 21.Rae1 Rac8 22.Re3 Qg7
23.Qh4 g5 24.Qg4 Rc6 25.h4 h6 26.hxg5 hxg5 27.Rg3 Nc5 28.Qf5 e6 29.Nf6+ Kf8
30.Qf3 Rec8 31.Rxg5 Qh6 32.e5 dxe5 33.Rd1 e4 34.Qf4 Ke7 35.Ng4 Qh8 36.Ne5 Qf6
37.Nxc6+ Rxc6 38.Qe3 a5 39.Rxc5  1-0

[Event "Geneve op"]
[Site "Geneve"]
[Date "1997.??.??"]
[Round "8"]
[White "Vianin, Pascal"]
[Black "Vismara, Daniele"]
[Result "1-0"]
[WhiteElo "2205"]
[BlackElo "2205"]

1.e4 c5 2.Nf3 d6 3.Bb5+ Bd7 4.Bxd7+ Qxd7 5.O-O Nc6 6.c3 Nf6 7.d4 cxd4 8.cxd4 d5
9.e5 Ne4 10.Ne1 h6 11.f3 Ng5 12.f4 Ne4 13.f5 O-O-O 14.Nc3 e6 15.fxe6 fxe6
16.Be3 Nxc3 17.bxc3 Na5 18.Qh5 Nc4 19.Bg5 Qe8 20.Qh3 Rd7 21.Nd3 Rg8 22.Bc1 g5
23.Rf6 Rg6 24.Qh5 Rdg7 25.Nf2 Kd8 26.Qf3 Rg8 27.Rb1 b6 28.Ng4 Bg7 29.Rf7 Rf8
30.Rxa7 Rxf3 31.Ra8+ Kd7 32.Rxe8 Rxc3 33.Rg8 Rd3 34.Nf6+ Ke7 35.Nh5 Kf7 36.Ra8 Bf8
37.Bb2  1-0

[Event "Gent op"]
[Site "Gent"]
[Date "1997.??.??"]
[Round "7"]
[White "Cools, Gorik"]
[Black "Van Beers, Eddy"]
[Result "1-0"]
[WhiteElo "2300"]
[BlackElo "2275"]

1.e4 c5 2.Nf3 d6 3.Bb5+ Nd7 4.d4 Nf6 5.Nc3 a6 6.Bxd7+ Nxd7 7.Bg5 Qa5 8.O-O e6
9.dxc5 Qxc5 10.a4 Be7 11.Bxe7 Kxe7 12.Nd4 Ne5 13.Nb3 Qc7 14.f4 Nc4 15.f5 Qb6+
16.Rf2 h5 17.fxe6 Bxe6 18.Nd5+ Bxd5 19.Qxd5 Ne5 20.Nd4 g6 21.Raf1 Raf8 22.a5 Qc7
23.Rf6 Qd7 24.c4  1-0

[Event "Gent op"]
[Site "Gent"]
[Date "1997.??.??"]
[Round "8"]
[White "Wall, Gavin"]
[Black "Cools, Gorik"]
[Result "1-0"]
[WhiteElo "2330"]
[BlackElo "2300"]

1.e4 c5 2.Nf3 d6 3.Bb5+ Bd7 4.a4 Nc6 5.d3 Nf6 6.O-O e6 7.Nbd2 Be7 8.Nc4 O-O
9.e5 Nxe5 10.Nfxe5 dxe5 11.Nxe5 Bxb5 12.axb5 Qb6 13.c4 Rfd8 14.Bd2 Qc7 15.f4 Nd7
16.Ba5 Nb6 17.Qh5 Bf6 18.Rf3 g6 19.Qh6 Bg7 20.Qh4 Rd4 21.Bxb6 Qxb6 22.Qe7 Rf8
23.Nd7 Qd8 24.Qxd8 Rxd8 25.Nxc5 b6 26.Ne4 Rxd3 27.Rxd3 Rxd3 28.Rxa7 Bxb2
29.Ng5 Bd4+ 30.Kf1 Rd2 31.g3 Rf2+ 32.Ke1 Rxh2 33.Nxf7 Bf2+ 34.Kd1 Bxg3 35.Ng5 Bxf4
36.Ra8+ Kg7 37.Nxe6+ Kf7 38.Nxf4 Rh4 39.Ra7+ Ke8 40.Ne2 Rxc4 41.Kd2 Rb4 42.Nc3 h5
43.Rb7 h4 44.Rxb6 g5 45.Re6+ Kd7 46.Rh6 Kc8 47.Kd3 Rg4 48.Ne4 Rg1 49.Rh5 g4
50.Rxh4 g3 51.Ke2 g2 52.Kf2 Rh1 53.Rg4 Kb7 54.Kxg2 Rb1 55.Nc3 Rb3 56.Rc4 Kb6
57.Kf1 Rb2 58.Na4+  1-0

[Event "Gent op"]
[Site "Gent"]
[Date "1997.??.??"]
[Round "8"]
[White "Schalkx, Johnny"]
[Black "Eliet, Nicolas"]
[Result "0-1"]
[WhiteElo "2290"]
[BlackElo "2350"]

1.e4 c5 2.Nf3 d6 3.Bb5+ Nd7 4.d4 cxd4 5.Qxd4 a6 6.Bxd7+ Bxd7 7.O-O e6 8.c4 Bc6
9.Nc3 Nf6 10.Rd1 Be7 11.b3 Qa5 12.Bd2 Qh5 13.Bg5 h6 14.Bc1 O-O 15.Ba3 Rfd8
16.Qd3 Qa5 17.Bb2 Rac8 18.Nd4 Be8 19.Rac1 Bf8 20.Qh3 b5 21.cxb5 axb5 22.a4 bxa4
23.bxa4 Qb4 24.Ba1 Rc5 25.Rb1 Qc4 26.Ndb5 e5 27.Qd3 Qe6 28.Nd5 Nxd5 29.exd5 Qg4
30.Rdc1 Rxc1+ 31.Rxc1 Qxa4 32.Nc7 Rc8 33.Qd2 Bd7 34.h3 Be7  0-1

[Event "Oberliga Sued W9697"]
[Site "GER"]
[Date "1997.??.??"]
[Round "?"]
[White "Srokowski, Jaroslav"]
[Black "Lambert, Andreas"]
[Result "1/2-1/2"]
[WhiteElo "2435"]
[BlackElo "2315"]

1.e4 c5 2.Nf3 d6 3.Bb5+ Nd7 4.d4 Nf6 5.Nc3 cxd4 6.Qxd4 e5 7.Qd3 h6 8.Be3 Be7
9.a4 O-O 10.O-O Qc7 11.Qc4 Qb8 12.Qb3 Ng4 13.Nd5 Bd8 14.a5 Ndf6 15.Nxf6+ Nxf6
16.Nd2 Be6 17.Bc4 Bxc4 18.Qxc4 b5 19.axb6 Bxb6 20.Bxb6 Qxb6 21.b3 Rfd8 22.Qe2 Qc6
23.c4 a5 24.Ra3 Qb6 25.Rfa1 Nd7 26.Qe3 Nc5 27.b4 Nd7 28.Qxb6 Nxb6 29.bxa5 Nd7
30.Rb1 Nc5 31.f3 Ra6 32.Kf2 g6 33.g4 Rda8 34.Rb5 R8a7 35.h4 Kg7 36.Ke3 Kf6
37.f4 exf4+ 38.Kxf4 Ne6+ 39.Ke3 Nc7 40.Nb3 Rc6 41.Kd3 Ne6 42.Kc3 Nc7 43.Kd3 Ne6
44.Ra4 Rca6 45.Rab4 Nc5+ 46.Nxc5 dxc5 47.Rxc5 Rxa5 48.g5+ hxg5 49.hxg5+ Ke7
50.Rxa5 Rxa5 51.Rb5 Ra1 52.Kd4 Rg1 53.Re5+ Kd6 54.c5+ Kc6 55.Rd5 Rd1+ 56.Ke5 Rf1
57.Kd4 Rd1+ 58.Ke5 Rf1 59.Rd6+ Kxc5 60.Rf6 Rg1 61.Rxf7 Rxg5+ 62.Kf6 Rh5 63.e5 Rf5+
64.Ke6 Rh5 65.Rf1 Kd4 66.Kd6 Rxe5 67.Rd1+ Ke4 68.Re1+ Kf4 69.Rxe5 g5 70.Ra5 g4
71.Ra4+ Kf3 72.Ke5 g3 73.Ra3+ Kf2 74.Kf4 g2 75.Ra2+ Kg1 76.Kf3 Kh1 77.Ra8 g1=Q
78.Rh8+ Qh2  1/2-1/2

[Event "BL2-W9798"]
[Site "Germany"]
[Date "1997.??.??"]
[Round "?.7"]
[White "Illner, Achim"]
[Black "Kistella, Roman"]
[Result "1-0"]
[WhiteElo "2315"]
[BlackElo "2280"]

1.e4 c5 2.Nf3 d6 3.Bb5+ Nd7 4.d4 Nf6 5.Nc3 cxd4 6.Qxd4 e5 7.Qd3 h6 8.Be3 Be7
9.O-O O-O 10.Bc4 Nb6 11.Bb3 Be6 12.Nh4 Qd7 13.Bxb6 axb6 14.Nf5 Bxf5 15.exf5 Ra5
16.Rad1 Rc8 17.Rfe1 Qc6 18.Re2 Rc5 19.Nd5 Nxd5 20.Bxd5 Qc7 21.c3 b5 22.a3 Qb6
23.Re4 Qc7 24.Rde1 Bf6 25.Rb4 Qd7 26.Re3 Ra8 27.Qe4 Bd8 28.Qf3 Ra4 29.Rd3 Ra7
30.Qh5 Bg5 31.Qf3 Bf6 32.Qe4 Qe7 33.g3 Kf8 34.Bb3 Qc7 35.Bd5 Qe7 36.Kg2 Qd7
37.Rd1 Kg8 38.Kg1 Bd8 39.Qf3 Bf6 40.Qe4 Bd8 41.Qf3 Bf6 42.Re4 Rc7 43.Bb3 Ra8
44.Re2 Rd8 45.Red2 Qe7 46.Qe4 Rc5 47.Rd5 Qc7 48.Qe2 Qc6 49.Qh5 Rd7 50.Rxd6  1-0

[Event "Bundesliga 9697"]
[Site "Germany"]
[Date "1997.??.??"]
[Round "?.2"]
[White "Casper, Thomas"]
[Black "Gallagher, Joseph G"]
[Result "1/2-1/2"]
[WhiteElo "2405"]
[BlackElo "2545"]

1.e4 c5 2.Nf3 d6 3.Bb5+ Nd7 4.a4 Nf6 5.d3 g6 6.O-O Bg7 7.Re1 O-O 8.h3 a6
9.Bxd7 Nxd7 10.a5 Nb8 11.e5 Nc6 12.exd6 Qxd6 13.Nbd2 Qc7 14.Nb3 Nd4 15.c3 Nxb3
16.Qxb3 e5 17.Qb6 Qxb6 18.axb6 Bf5 19.Nxe5 Rfe8 20.Bf4 Bxe5 21.Rxe5 Rxe5
22.Bxe5 Bxd3 23.Bd6 Rc8 24.Re1 a5 25.Ra1 Rc6 26.Bc7 Re6 27.b3 c4 28.bxc4 Bxc4
29.Rxa5 Kf8 30.Ra7 Bd5 31.c4 Bc6 32.c5 Ke7 33.Ra8 Re4 34.Rc8 Ke6 35.Rd8 Ke7
36.Rc8 Re1+ 37.Kh2 Kd7 38.Rf8 Ke6 39.Bd6 Rb1 40.Rc8 Rb2 41.Kg3 h5 42.h4 Kf5
43.Be7 Ke6 44.Bg5 Rb4 45.f3 Rc4 46.Be3 Rc3 47.Bf2 Rd3 48.Ra8 f6  1/2-1/2

[Event "Landesliga Nord 9697 Bayern"]
[Site "Germany"]
[Date "1997.??.??"]
[Round "?"]
[White "Hoelzlein, Michael"]
[Black "Salac, Jiri"]
[Result "1/2-1/2"]
[WhiteElo "2000"]
[BlackElo "2160"]

1.e4 c5 2.Nf3 d6 3.Bb5+ Bd7 4.Bxd7+ Qxd7 5.c4 Nc6 6.Nc3 g6 7.d4 cxd4 8.Nxd4 Bg7
9.Be3 Nf6 10.O-O Ng4 11.Rc1 Nxe3 12.fxe3 Ne5 13.Nd5 O-O 14.c5 dxc5 15.Rxc5 Qd6
16.Qc2 Ng4 17.Nf3 e6 18.h3 exd5 19.hxg4 dxe4 20.Rd1 Qe6 21.Ng5 Qxg4 22.Nxe4 Rae8
23.Rc4 Qe6 24.Qb3 b5 25.Qxb5 Rb8 26.Qd5 Rbd8 27.Qxd8 Qxc4 28.Nf6+ Kh8 29.Qe7 Qe6
30.Qxe6 fxe6 31.Nd7 Rf5 32.b4 Bh6 33.Rd3 Rd5 34.Rxd5 Bxe3+ 35.Kf1 exd5 36.Ke2 Bg1
37.Nf6 d4 38.a4 Kg7 39.Ne8+ Kf7 40.Nd6+ Ke6 41.Nb5 h5 42.Kd3 Kd5 43.Nxa7 g5
44.b5 h4 45.b6 Bh2 46.Nb5 g4 47.Nxd4 Kc5 48.a5 Be5 49.Ke4 Bb8 50.Nb3+ Kb5
51.Ke3 Bg3 52.Ke2 Ka6 53.Kf1 Bf4 54.Ke2  1/2-1/2

[Event "BL9697 (Women)"]
[Site "Germany"]
[Date "1997.??.??"]
[Round "?"]
[White "Zahn, Nicol"]
[Black "Wolf, Sylvia"]
[Result "1-0"]
[WhiteElo "2065"]
[BlackElo "2055"]

1.e4 c5 2.Nf3 d6 3.Bb5+ Bd7 4.Bxd7+ Nxd7 5.O-O Ngf6 6.Re1 Qc7 7.Nc3 e6 8.d4 a6
9.a4 cxd4 10.Nxd4 Be7 11.Qf3 Qc4 12.Nb3 O-O 13.Bf4 e5 14.Bg5 Nc5 15.Nd2 Qb4
16.b3 Ne6 17.Bxf6 Bxf6 18.Rad1 Bg5 19.Nc4 Rfd8 20.Nd5 Qc5 21.c3 b5 22.axb5 axb5
23.Nce3 Bxe3 24.Rxe3 Ra2 25.h4 Qa7 26.Qf5 Nc7 27.Ne7+ Kf8 28.Rf3 f6 29.Nc6 Qa8
30.Nxd8 Qxd8 31.Qxh7 Kf7 32.Rg3 Ne6 33.h5 Qb6 34.Rf1 Ng5 35.Rxg5 fxg5 36.h6 Ra8
37.Qxg7+ Ke6 38.h7 Qd8 39.Rd1 Rc8 40.Qg6+ Qf6 41.Rxd6+  1-0

[Event "BL9697 (Women)"]
[Site "Germany"]
[Date "1997.??.??"]
[Round "?"]
[White "Wagner Michel, Annett"]
[Black "Dengler, Dijana"]
[Result "0-1"]
[WhiteElo "2170"]
[BlackElo "2130"]

1.e4 c5 2.Nf3 d6 3.Bb5+ Bd7 4.Bxd7+ Qxd7 5.O-O Nc6 6.b3 Nf6 7.Re1 e5 8.c3 Rc8
9.Bb2 Be7 10.d4 cxd4 11.cxd4 O-O 12.Nc3 Rfe8 13.dxe5 dxe5 14.Qxd7 Nxd7 15.Rad1 Nf8
16.Nd5 f6 17.a3 Na5 18.Nd2 Rc2 19.Bc3 Nc6 20.Nc4 Bc5 21.Nce3 Bxe3 22.Rxe3 Ne6
23.Kf1 Ned4 24.Ba1 Ra2 25.Bxd4 Nxd4 26.a4 Rc2 27.g3 Kf8 28.Nb4 Rb2 29.Nd5 Rc8
30.Rc3 Rxc3 31.Nxc3 Rxb3 32.Nd5 Rb2 33.Rc1 Nc6 34.h4  0-1